[Event "Titled Tuesday intern op 09th Aug Late"]
[Site "Chess.com INT"]
[Date "2022.08.09"]
[Round "7"]
[White "Clawitter, Craig"]
[Black "Vazquez Espino, Uriel"]
[Result "0-1"]
[WhiteElo "2050"]
[BlackElo "2011"]
[PlyCount "56"]
[EventDate "2022.08.09"]
[EventType "swiss (blitz)"]
[EventRounds "11"]
[EventCountry "USA"]
[SourceTitle "EXT 2023"]
[Source "ChessBase"]
[SourceDate "2022.10.05"]
[SourceVersion "1"]
[SourceVersionDate "2022.10.05"]
[SourceQuality "1"]

1. e4 c5 2. Nf3 e6 3. d4 cxd4 4. Nxd4 Nc6 5. Nc3 Qc7 6. Be3 a6 7. Qd2 Nf6 8. 0-0-0 Bb4 9. f3 d5 10. a3 Bxc3 11. Qxc3 dxe4 12. Nxc6 Qxc6 13. Bc5 b6 14. Bb4 Qxc3 15. Bxc3 exf3 16. gxf3 Bb7 17. Be2 Nd5 18. Bxg7 Rg8 19. Be5 Rc8 20. Rhg1 Ke7 21. Kb1 Ne3 22. Rxg8 Rxg8 23. Rd2 Bd5 24. b3 Rg1+ 25. Kb2 Rg2 26. Bd4 Nf5 27. Bxb6 Bxf3 28. Bc5+ Kf6 0-1

[Event "Titled Tuesday intern op 09th Aug Early"]
[Site "Chess.com INT"]
[Date "2022.08.09"]
[Round "8"]
[White "De Souza, Cristiano Gomes"]
[Black "Vazquez Espino, Uriel"]
[Result "0-1"]
[WhiteElo "2018"]
[BlackElo "2011"]
[PlyCount "100"]
[EventDate "2022.08.09"]
[EventType "swiss (blitz)"]
[EventRounds "11"]
[EventCountry "USA"]
[SourceTitle "EXT 2023"]
[Source "ChessBase"]
[SourceDate "2022.10.05"]
[SourceVersion "1"]
[SourceVersionDate "2022.10.05"]
[SourceQuality "1"]

1. d4 Nf6 2. c4 e6 3. Nf3 Bb4+ 4. Bd2 Qe7 5. Nc3 Bxc3 6. Bxc3 Ne4 7. Rc1 b6 8. e3 Bb7 9. Be2 d6 10. 0-0 Nxc3 11. Rxc3 c5 12. Qd2 0-0 13. a3 Nd7 14. b4 Nf6 15. Rcc1 Ne4 16. Qb2 f5 17. Nd2 Rf6 18. f3 Ng5 19. Rfd1 Rg6 20. Kh1 Rf8 21. Nf1 f4 22. e4 Nh3 23. Rd2 Qg5 24. g3 fxg3 25. Nxg3 Qe3 26. Qc3 Qh6 27. dxc5 Rxg3 28. hxg3 Nf2+ 29. Kg2 Nxe4 30. Qd3 Qxd2 31. Qxd2 Nxd2 32. cxd6 Nxf3 33. Bxf3 Bxf3+ 34. Kg1 Rd8 35. c5 bxc5 36. bxc5 Bc6 37. Kf2 Kf7 38. Ke3 e5 39. Rf1+ Ke6 40. a4 Kd5 41. Rc1 Rb8 42. Rc3 Rb2 43. a5 Ra2 44. d7 Bxd7 45. Rd3+ Kc6 46. Rd6+ Kc7 47. Ke4 Rxa5 48. Kxe5 Rxc5+ 49. Rd5 Rxd5+ 50. Kxd5 a5 0-1

[Event "Titled Tuesday intern op 09th Aug Late"]
[Site "Chess.com INT"]
[Date "2022.08.09"]
[Round "11"]
[White "Ferriz Barrios, Andres"]
[Black "Vazquez Espino, Uriel"]
[Result "1-0"]
[WhiteElo "2102"]
[BlackElo "2011"]
[PlyCount "123"]
[EventDate "2022.08.09"]
[EventType "swiss (blitz)"]
[EventRounds "11"]
[EventCountry "USA"]
[SourceTitle "EXT 2023"]
[Source "ChessBase"]
[SourceDate "2022.10.05"]
[SourceVersion "1"]
[SourceVersionDate "2022.10.05"]
[SourceQuality "1"]

1. d4 Nf6 2. Nf3 e6 3. e3 c5 4. c3 Nc6 5. Nbd2 cxd4 6. exd4 d6 7. Bd3 Be7 8. 0-0 b6 9. Qe2 Bb7 10. Re1 0-0 11. Ne4 Nb8 12. Nfg5 Nbd7 13. Nxf6+ Nxf6 14. Ne4 Nxe4 15. Bxe4 Bxe4 16. Qxe4 d5 17. Qg4 b5 18. Re3 g6 19. Rh3 f5 20. Qe2 Qd7 21. Bh6 Rfe8 22. Re1 Bf6 23. Re3 Kf7 24. g4 fxg4 25. Qxg4 a5 26. Bg5 Bxg5 27. Qxg5 b4 28. Qh6 Kg8 29. Qh3 Ra6 30. Kh1 bxc3 31. bxc3 Rc6 32. Rg3 a4 33. Reg1 Qf7 34. Qh6 a3 35. Rxg6+ hxg6 36. Rxg6+ Qxg6 37. Qxg6+ Kf8 38. Qf6+ Kg8 39. Qg5+ Kf7 40. Qf4+ Ke7 41. Qg5+ Kd7 42. Qc1 Ra8 43. Kg2 Rg8+ 44. Kh1 Ra8 45. f4 Ra4 46. Qe3 Rac4 47. f5 exf5 48. Qe5 Rd6 49. Qxf5+ Kc6 50. Qc8+ Kb5 51. Qb8+ Rb6 52. Qe8+ Ka5 53. Qd7 Rxc3 54. Qxd5+ Ka6 55. Qa8+ Kb5 56. Qe8+ Kb4 57. Qe7+ Kc4 58. Qc5+ Kd3 59. Qxb6 Rc1+ 60. Kg2 Rc2+ 61. Kg3 Rxa2 62. Qb3+ 1-0

[Event "Titled Tuesday intern op 09th Aug Early"]
[Site "Chess.com INT"]
[Date "2022.08.09"]
[Round "3"]
[White "Lakshmi, Chidambaram"]
[Black "Vazquez Espino, Uriel"]
[Result "1-0"]
[WhiteElo "1959"]
[BlackElo "2011"]
[PlyCount "129"]
[EventDate "2022.08.09"]
[EventType "swiss (blitz)"]
[EventRounds "11"]
[EventCountry "USA"]
[SourceTitle "EXT 2023"]
[Source "ChessBase"]
[SourceDate "2022.10.05"]
[SourceVersion "1"]
[SourceVersionDate "2022.10.05"]
[SourceQuality "1"]

1. e4 c5 2. Nf3 e6 3. d4 cxd4 4. Nxd4 Nc6 5. Nc3 Qc7 6. a3 Nf6 7. Be2 a6 8. Nxc6 bxc6 9. Be3 d5 10. exd5 cxd5 11. 0-0 Be7 12. Na4 Rb8 13. b4 0-0 14. c4 dxc4 15. Rc1 Nd5 16. Bc5 Bxc5 17. Nxc5 a5 18. Rxc4 axb4 19. Nxe6 Qe5 20. Nxf8 Nc3 21. Rxc3 bxc3 22. Bc4 Bf5 23. Nd7 c2 24. Nxe5 cxd1Q 25. Rxd1 g6 26. Nxf7 Kg7 27. Nd6 Bd7 28. h3 Ba4 29. Rd4 Rb1+ 30. Kh2 Rc1 31. Be6 Kf6 32. Ne4+ Ke5 33. Rxa4 Kxe6 34. Ng5+ Kf5 35. Nf3 h6 36. Kg3 Rc3 37. Ra5+ Kf6 38. a4 Ra3 39. Ra6+ Kf5 40. a5 g5 41. Ra8 h5 42. Kh2 g4 43. hxg4+ hxg4 44. Nh4+ Kg5 45. g3 Ra2 46. Kg2 Ra3 47. a6 Kf6 48. a7 Kg7 49. Nf5+ Kf6 50. Nd6 Kg7 51. Nb5 Ra5 52. Rb8 Rxa7 53. Nxa7 Kf6 54. Rb5 Ke6 55. f3 Kd7 56. fxg4 Kc7 57. g5 Kd7 58. Rf5 Ke7 59. Rf4 Ke6 60. g6 Ke7 61. g7 Kd7 62. g8Q Kc7 63. Qg6 Kb7 64. Rf7+ Ka8 65. Qg8# 1-0

[Event "Titled Tuesday intern op 09th Aug Early"]
[Site "Chess.com INT"]
[Date "2022.08.09"]
[Round "7"]
[White "Mohammad Fahad, Rahman"]
[Black "Vazquez Espino, Uriel"]
[Result "1-0"]
[WhiteElo "2401"]
[BlackElo "2011"]
[PlyCount "137"]
[EventDate "2022.08.09"]
[EventType "swiss (blitz)"]
[EventRounds "11"]
[EventCountry "USA"]
[SourceTitle "EXT 2023"]
[Source "ChessBase"]
[SourceDate "2022.10.05"]
[SourceVersion "1"]
[SourceVersionDate "2022.10.05"]
[SourceQuality "1"]

1. Nf3 Nf6 2. g3 c5 3. c4 Nc6 4. Bg2 d5 5. cxd5 Nxd5 6. 0-0 e5 7. Nc3 Nc7 8. d3 Be7 9. Be3 0-0 10. Rc1 Be6 11. Na4 b6 12. a3 Bd5 13. b4 cxb4 14. Bd2 b5 15. e4 bxa4 16. exd5 Na5 17. Qxa4 Nxd5 18. Nxe5 Rb8 19. axb4 Bxb4 20. Bxb4 Rxb4 21. Qa2 Rb5 22. Rb1 Nc3 23. Qa1 Nxb1 24. Rxb1 Rxb1+ 25. Qxb1 Qb6 26. Qa2 Qc7 27. d4 g6 28. Bd5 Kg7 29. Kg2 Qb6 30. Nxf7 Qxd4 31. Qxa5 Rxf7 32. Bxf7 Kxf7 33. Qc7+ Kg8 34. h4 Qb6 35. Qc8+ Kg7 36. Qd7+ Kg8 37. Qe8+ Kg7 38. Qe7+ Kg8 39. g4 Qc6+ 40. Kh2 a5 41. Qd8+ Kf7 42. Qxa5 Qf3 43. Qa7+ Kg8 44. Qd4 h5 45. g5 Qf5 46. Qe3 Qg4 47. Qe8+ Kg7 48. Qe7+ Kg8 49. Qd8+ Kf7 50. Qc7+ Kg8 51. Qg3 Qf5 52. Kg2 Qe4+ 53. Qf3 Qxh4 54. Qf6 Qg4+ 55. Kf1 Qc4+ 56. Ke1 Qe4+ 57. Kd2 h4 58. Qd8+ Kf7 59. Qd7+ Kg8 60. Qc8+ Kf7 61. Qc7+ Kg8 62. Qb8+ Kf7 63. Qc7+ Ke6 64. Qc8+ Ke5 65. Qh8+ Kf5 66. Qf6+ Kg4 67. Kc3 Qf3+ 68. Kd4 h3 69. Qxg6 1-0

[Event "Titled Tuesday intern op 09th Aug Early"]
[Site "Chess.com INT"]
[Date "2022.08.09"]
[Round "9"]
[White "Vazquez Espino, Uriel"]
[Black "Baches Garcia, Guillermo"]
[Result "1-0"]
[WhiteElo "2011"]
[BlackElo "2326"]
[PlyCount "73"]
[EventDate "2022.08.09"]
[EventType "swiss (blitz)"]
[EventRounds "11"]
[EventCountry "USA"]
[SourceTitle "EXT 2023"]
[Source "ChessBase"]
[SourceDate "2022.10.05"]
[SourceVersion "1"]
[SourceVersionDate "2022.10.05"]
[SourceQuality "1"]

1. c4 Nf6 2. Nc3 e5 3. g3 d5 4. cxd5 Nxd5 5. Bg2 Nb6 6. d3 Be7 7. Nf3 Nc6 8. 0-0 0-0 9. a3 Re8 10. b4 Bf8 11. Bb2 a5 12. b5 Nd4 13. Nxd4 exd4 14. Ne4 a4 15. Rb1 Ra5 16. Bc1 Be6 17. Bd2 Ra8 18. Qc1 Bb3 19. Re1 Nd5 20. Nc5 Bxc5 21. Qxc5 b6 22. Qxd4 Rb8 23. Rxb3 axb3 24. Qxd5 b2 25. Qb3 Qd4 26. Bc3 Rxe2 27. Rxe2 Qxc3 28. Qxc3 b1Q+ 29. Re1 Qxb5 30. Bc6 Qf5 31. Qc4 h5 32. Re7 Rd8 33. Qe4 Qc5 34. Re8+ Rxe8 35. Qxe8+ Kh7 36. Be4+ Kh6 37. Qxf7 1-0

[Event "Titled Tuesday intern op 09th Aug Early"]
[Site "Chess.com INT"]
[Date "2022.08.09"]
[Round "1"]
[White "Vazquez Espino, Uriel"]
[Black "Costachi, Mihnea"]
[Result "0-1"]
[WhiteElo "2011"]
[BlackElo "2461"]
[PlyCount "70"]
[EventDate "2022.08.09"]
[EventType "swiss (blitz)"]
[EventRounds "11"]
[EventCountry "USA"]
[SourceTitle "EXT 2023"]
[Source "ChessBase"]
[SourceDate "2022.10.05"]
[SourceVersion "1"]
[SourceVersionDate "2022.10.05"]
[SourceQuality "1"]

1. e4 c5 2. Nf3 d6 3. Bb5+ Nd7 4. 0-0 g6 5. d4 Bg7 6. c3 cxd4 7. cxd4 a6 8. Be2 Ngf6 9. Nc3 0-0 10. h3 b5 11. a3 Bb7 12. e5 Nd5 13. exd6 exd6 14. Ne4 N7f6 15. Ng3 Re8 16. Re1 h6 17. Bd2 Ne4 18. Nxe4 Rxe4 19. Bd3 Rxe1+ 20. Qxe1 Qf6 21. Qe4 Rb8 22. Qg4 Bc8 23. Qg3 Bf8 24. Re1 Bf5 25. Bf1 Rc8 26. a4 Bd7 27. Bc1 Nb4 28. Qf4 Qxf4 29. Bxf4 bxa4 30. Bd2 a5 31. Bc3 a3 32. Ra1 Nc2 33. Ra2 Be6 34. Bd3 Bxa2 35. Bxc2 Bd5 0-1

[Event "Titled Tuesday intern op 02nd Aug Early"]
[Site "Chess.com INT"]
[Date "2022.08.02"]
[Round "1"]
[White "Vazquez Espino, Uriel"]
[Black "Barria Zuniga, Daniel"]
[Result "0-1"]
[WhiteElo "2011"]
[BlackElo "2341"]
[PlyCount "86"]
[EventDate "2022.08.02"]
[EventType "swiss (blitz)"]
[EventRounds "11"]
[EventCountry "USA"]
[SourceTitle "EXT 2023"]
[Source "ChessBase"]
[SourceDate "2022.10.05"]
[SourceVersion "1"]
[SourceVersionDate "2022.10.05"]
[SourceQuality "1"]

1. e4 c5 2. Nf3 e6 3. d4 cxd4 4. Nxd4 Nf6 5. Bd3 g6 6. 0-0 Bg7 7. e5 Nd5 8. f4 d6 9. Bb5+ Bd7 10. Bxd7+ Nxd7 11. c4 dxe5 12. Nb5 Nxf4 13. Nd6+ Ke7 14. Bxf4 exf4 15. Rxf4 Ne5 16. c5 Qc7 17. b4 b6 18. Nb5 Qc6 19. Qd6+ Qxd6 20. cxd6+ Kd7 21. N1c3 a6 22. Nd4 Kxd6 23. Nde2 Rhc8 24. Rd1+ Ke7 25. Na4 Rc6 26. Rfd4 Ra7 27. Rd8 Nd7 28. Rg8 Bh6 29. Nac3 Rac7 30. Ne4 Be3+ 31. Kf1 Nf6 32. Nxf6 Kxf6 33. Rgd8 Rc2 34. R8d3 Bh6 35. Rf3+ Ke7 36. a4 Rb2 37. Nd4 Rc4 38. b5 axb5 39. Nxb5 f5 40. Rfd3 Rcc2 41. Rd7+ Kf6 42. Nd4 Rf2+ 43. Ke1 Rxg2 0-1

[Event "Titled Tuesday intern op 02nd Aug Early"]
[Site "Chess.com INT"]
[Date "2022.08.02"]
[Round "5"]
[White "Vazquez Espino, Uriel"]
[Black "Jovic, Stanoje"]
[Result "0-1"]
[WhiteElo "2011"]
[BlackElo "2055"]
[PlyCount "86"]
[EventDate "2022.08.02"]
[EventType "swiss (blitz)"]
[EventRounds "11"]
[EventCountry "USA"]
[SourceTitle "EXT 2023"]
[Source "ChessBase"]
[SourceDate "2022.10.05"]
[SourceVersion "1"]
[SourceVersionDate "2022.10.05"]
[SourceQuality "1"]

1. e4 c6 2. d4 d5 3. Nc3 dxe4 4. Nxe4 Bf5 5. Ng3 Bg6 6. Bc4 Nd7 7. N1e2 Ngf6 8. h4 h6 9. Nf4 Bh7 10. Qe2 e6 11. Ngh5 Nxh5 12. Nxh5 Nb6 13. Bb3 Qxd4 14. Be3 Bb4+ 15. Kf1 Qxb2 16. Rd1 Rd8 17. Rxd8+ Kxd8 18. Qd1+ Kc8 19. Kg1 Rd8 20. Qf3 Bxc2 21. Bxc2 Qxc2 22. Qxf7 Qf5 23. Qxf5 exf5 24. Nxg7 Rd5 25. Bxh6 Bd6 26. g3 Kd7 27. Bg5 Bf8 28. Nh5 Ra5 29. Nf6+ Ke6 30. h5 Rxa2 31. Kg2 Nd5 32. Nxd5 cxd5 33. h6 Kf7 34. h7 Bg7 35. Be3 b5 36. Bh6 Bh8 37. Re1 b4 38. Bg5 b3 39. Re7+ Kg6 40. Bh4 b2 41. Rb7 Ra1 42. Rb8 b1Q 43. Rxh8 Qh1# 0-1

[Event "Titled Tuesday intern op 02nd Aug Late"]
[Site "Chess.com INT"]
[Date "2022.08.02"]
[Round "7"]
[White "Vazquez Espino, Uriel"]
[Black "Nazaretyan, Tigran"]
[Result "0-1"]
[WhiteElo "2023"]
[BlackElo "2316"]
[PlyCount "42"]
[EventDate "2022.08.02"]
[EventType "swiss (blitz)"]
[EventRounds "11"]
[EventCountry "USA"]
[SourceTitle "EXT 2023"]
[Source "ChessBase"]
[SourceDate "2022.10.05"]
[SourceVersion "1"]
[SourceVersionDate "2022.10.05"]
[SourceQuality "1"]

1. e4 c5 2. Nf3 Nc6 3. d4 cxd4 4. Nxd4 Nf6 5. Nc3 d6 6. Bc4 e5 7. Nf5 Bxf5 8. exf5 Qd7 9. g4 d5 10. Bxd5 0-0-0 11. Bf3 Nd4 12. Be3 h5 13. h3 Bb4 14. Kf1 Qc7 15. Bxd4 Rxd4 16. Qe2 Bxc3 17. bxc3 Qxc3 18. Rb1 e4 19. Bg2 Rhd8 20. Qb5 Rd1+ 21. Ke2 Qd2# 0-1

[Event "Titled Tuesday intern op 02nd Aug Early"]
[Site "Chess.com INT"]
[Date "2022.08.02"]
[Round "8"]
[White "Vazquez Espino, Uriel"]
[Black "Rose, Felix"]
[Result "0-1"]
[WhiteElo "2011"]
[BlackElo "2091"]
[PlyCount "66"]
[EventDate "2022.08.02"]
[EventType "swiss (blitz)"]
[EventRounds "11"]
[EventCountry "USA"]
[SourceTitle "EXT 2023"]
[Source "ChessBase"]
[SourceDate "2022.10.05"]
[SourceVersion "1"]
[SourceVersionDate "2022.10.05"]
[SourceQuality "1"]

1. e4 c5 2. Nf3 e6 3. d4 cxd4 4. Nxd4 a6 5. Nc3 b5 6. g3 Bb7 7. Bg2 Nc6 8. 0-0 Rc8 9. Re1 Bc5 10. Nb3 Ba7 11. Qg4 Kf8 12. Be3 h5 13. Qe2 Bxe3 14. Qxe3 Nf6 15. h3 Qe7 16. Rad1 d6 17. f4 g6 18. Rd2 Kg7 19. Red1 Rhd8 20. Qb6 Ne8 21. Nd4 Qc7 22. Qxc7 Rxc7 23. Nf3 Rdc8 24. Ng5 Na5 25. Bf1 b4 26. Na4 Rxc2 27. Nb6 Rxd2 28. Rxd2 Rc1 29. Kf2 Rc6 30. Nd7 Bc8 31. Nb8 Rb6 32. Rc2 Rxb8 33. b3 Kf8 0-1

[Event "Titled Tuesday intern op 02nd Aug Late"]
[Site "Chess.com INT"]
[Date "2022.08.02"]
[Round "10"]
[White "Zhigalko, Sergei"]
[Black "Vazquez Espino, Uriel"]
[Result "1-0"]
[WhiteElo "2572"]
[BlackElo "2023"]
[PlyCount "85"]
[EventDate "2022.08.02"]
[EventType "swiss (blitz)"]
[EventRounds "11"]
[EventCountry "USA"]
[SourceTitle "EXT 2023"]
[Source "ChessBase"]
[SourceDate "2022.10.05"]
[SourceVersion "1"]
[SourceVersionDate "2022.10.05"]
[SourceQuality "1"]

1. e4 c5 2. Nf3 e6 3. c3 Nf6 4. e5 Nd5 5. Bc4 d6 6. d4 cxd4 7. cxd4 Nc6 8. 0-0 Be7 9. Bd2 0-0 10. Nc3 Nxc3 11. Bxc3 Qc7 12. Qe2 Rd8 13. a3 d5 14. Bd3 Bf8 15. Bxh7+ Kxh7 16. Ng5+ Kg6 17. h4 f6 18. Qd3+ f5 19. Qg3 Kh5 20. Qf3+ Kg6 21. Bd2 Nxd4 22. h5+ Kh6 23. Qd3 Qc4 24. Nxe6+ Kh7 25. Qxc4 dxc4 26. Nxd8 Bd7 27. Nf7 Be7 28. Bg5 Bxg5 29. Nxg5+ Kg8 30. Rfd1 Nb3 31. Rxd7 Nxa1 32. Rxb7 Re8 33. e6 Nb3 34. Rxa7 Nd4 35. Ra6 c3 36. bxc3 Ne2+ 37. Kh2 Nxc3 38. a4 Nd5 39. a5 Nf6 40. Rb6 Nxh5 41. a6 Nf6 42. a7 g6 43. Rb8 1-0

[Event "Titled Tuesday intern op 26th Jul Late"]
[Site "Chess.com INT"]
[Date "2022.07.26"]
[Round "10"]
[White "Voege, Tobias"]
[Black "Vazquez Espino, Uriel"]
[Result "0-1"]
[WhiteElo "2272"]
[BlackElo "2023"]
[PlyCount "40"]
[EventDate "2022.07.26"]
[EventType "swiss (blitz)"]
[EventRounds "11"]
[EventCountry "USA"]
[SourceTitle "EXT 2023"]
[Source "ChessBase"]
[SourceDate "2022.10.05"]
[SourceVersion "1"]
[SourceVersionDate "2022.10.05"]
[SourceQuality "1"]

1. e4 c5 2. Nf3 d6 3. d4 cxd4 4. Nxd4 Nf6 5. Nc3 g6 6. Bc4 Bg7 7. f3 Nc6 8. Be3 0-0 9. Qd2 Bd7 10. 0-0-0 Rc8 11. Bb3 Nxd4 12. Bxd4 b5 13. g4 a5 14. a4 bxa4 15. Nxa4 Bxa4 16. Bxa4 Rc4 17. Bb3 Nxe4 18. fxe4 Rxd4 19. Qe3 Qb6 20. Qe2 a4 0-1

[Event "Titled Tuesday intern op 06th July"]
[Site "Chess.com INT"]
[Date "2021.07.06"]
[Round "8"]
[White "Bon, Michael"]
[Black "Vazquez Espino, Uriel"]
[Result "1-0"]
[WhiteElo "2416"]
[BlackElo "1977"]
[PlyCount "85"]
[EventDate "2021.07.06"]
[EventType "swiss (blitz)"]
[EventRounds "11"]
[EventCountry "USA"]
[SourceTitle "EXT 2022"]
[Source "ChessBase"]
[SourceDate "2021.10.06"]
[SourceVersion "1"]
[SourceVersionDate "2021.10.06"]
[SourceQuality "1"]

1. e4 c5 2. Nf3 d6 3. d4 cxd4 4. Nxd4 Nf6 5. Nc3 g6 6. Be3 Bg7 7. f3 0-0 8. Qd2 Nc6 9. 0-0-0 d5 10. exd5 Nxd5 11. Nxc6 bxc6 12. Bd4 Bxd4 13. Qxd4 Qb6 14. Na4 Qa5 15. b3 Be6 16. h4 Rfd8 17. Qc5 Qc7 18. Bc4 Qf4+ 19. Kb1 Qf6 20. h5 Rab8 21. hxg6 hxg6 22. Qf2 Rb4 23. Bxd5 cxd5 24. Qxa7 Rdb8 25. Nb2 R4b7 26. Qd4 Qxd4 27. Rxd4 f6 28. Rdh4 Kf7 29. Rh7+ Ke8 30. Rg7 Kd7 31. Rxg6 Rc7 32. g4 Rbc8 33. Rh2 d4 34. Nd3 Bd5 35. Rf2 Rc3 36. g5 fxg5 37. Rxg5 Bf7 38. Rd2 Ke8 39. f4 e6 40. Ne5 Rh3 41. Rg7 Rh1+ 42. Kb2 Bh5 43. Rg8+ 1-0

[Event "Titled Tuesday intern op 06th July"]
[Site "Chess.com INT"]
[Date "2021.07.06"]
[Round "5"]
[White "Lagunow, Raphael"]
[Black "Vazquez Espino, Uriel"]
[Result "1-0"]
[WhiteElo "2378"]
[BlackElo "1977"]
[PlyCount "63"]
[EventDate "2021.07.06"]
[EventType "swiss (blitz)"]
[EventRounds "11"]
[EventCountry "USA"]
[SourceTitle "EXT 2022"]
[Source "ChessBase"]
[SourceDate "2021.10.06"]
[SourceVersion "1"]
[SourceVersionDate "2021.10.06"]
[SourceQuality "1"]

1. e4 c5 2. Nf3 d6 3. d4 cxd4 4. Nxd4 Nf6 5. Nc3 g6 6. Be3 Bg7 7. f3 Nc6 8. Qd2 0-0 9. Bc4 Bd7 10. 0-0-0 Rc8 11. Bb3 Nxd4 12. Bxd4 b5 13. a3 a5 14. h4 b4 15. axb4 axb4 16. Nd5 Nxd5 17. Bxg7 Kxg7 18. exd5 Qa5 19. Qd4+ Kg8 20. h5 Bf5 21. Kd2 Bxc2 22. Ra1 Qc7 23. Rhc1 Bxb3 24. Rxc7 Rxc7 25. Qxb4 Bxd5 26. h6 f6 27. Qd4 Bf7 28. Ra7 Rfc8 29. Rxc7 Rxc7 30. b4 d5 31. b5 e5 32. Qb6 1-0

[Event "Titled Tuesday intern op 06th July"]
[Site "Chess.com INT"]
[Date "2021.07.06"]
[Round "3"]
[White "Lomaia, Diana"]
[Black "Vazquez Espino, Uriel"]
[Result "1-0"]
[WhiteElo "2111"]
[BlackElo "1977"]
[PlyCount "59"]
[EventDate "2021.07.06"]
[EventType "swiss (blitz)"]
[EventRounds "11"]
[EventCountry "USA"]
[SourceTitle "EXT 2022"]
[Source "ChessBase"]
[SourceDate "2021.10.06"]
[SourceVersion "1"]
[SourceVersionDate "2021.10.06"]
[SourceQuality "1"]

1. d4 Nf6 2. c4 c5 3. d5 b5 4. cxb5 a6 5. b6 d6 6. Nc3 Nbd7 7. g3 g6 8. Bg2 Rb8 9. e4 Bg7 10. Nge2 0-0 11. 0-0 Rxb6 12. Qc2 Rb8 13. b3 a5 14. Bb2 Ba6 15. Rfe1 Ne5 16. Rad1 g5 17. f4 gxf4 18. gxf4 Neg4 19. Ng3 Kh8 20. h3 Nh6 21. e5 Nd7 22. Nh5 Rg8 23. Nxg7 Rxg7 24. exd6 exd6 25. Ne4 f6 26. Nxd6 Qg8 27. Kh1 Nf7 28. Nf5 Rg3 29. Nxg3 Qxg3 30. Re7 1-0

[Event "Titled Tuesday intern op 06th July"]
[Site "Chess.com INT"]
[Date "2021.07.06"]
[Round "11"]
[White "Tanenbaum, Zachary Chen"]
[Black "Vazquez Espino, Uriel"]
[Result "1-0"]
[WhiteElo "2137"]
[BlackElo "1977"]
[PlyCount "83"]
[EventDate "2021.07.06"]
[EventType "swiss (blitz)"]
[EventRounds "11"]
[EventCountry "USA"]
[SourceTitle "EXT 2022"]
[Source "ChessBase"]
[SourceDate "2021.10.06"]
[SourceVersion "1"]
[SourceVersionDate "2021.10.06"]
[SourceQuality "1"]

1. e4 c5 2. Nf3 d6 3. d4 cxd4 4. Nxd4 Nf6 5. Nc3 g6 6. Be3 Bg7 7. f3 0-0 8. Qd2 Nc6 9. g4 Nxd4 10. Bxd4 Be6 11. 0-0-0 Rc8 12. h4 h5 13. gxh5 Nxh5 14. Bxg7 Kxg7 15. Rg1 Qa5 16. Rg5 Rc5 17. Rxc5 Qxc5 18. f4 f5 19. Bg2 fxe4 20. Nxe4 Qc4 21. b3 Qb5 22. Ng5 Bg8 23. Qd4+ Nf6 24. Re1 Re8 25. Qxa7 Qb4 26. Qe3 e5 27. Qd2 Qa3+ 28. Kb1 Ra8 29. c3 Bxb3 30. Qb2 Bxa2+ 31. Kc1 Qa4 32. Qxb7+ Kh6 33. Qxa8 Qxf4+ 34. Kb2 Qd2+ 35. Ka1 Qxe1+ 36. Kxa2 Qf2+ 37. Kb3 Qxh4 38. Ne6 Nh7 39. Qb7 Nf6 40. Qg7+ Kh5 41. Bf3+ Ng4 42. Qh7# 1-0

[Event "Titled Tuesday intern op 06th July"]
[Site "Chess.com INT"]
[Date "2021.07.06"]
[Round "10"]
[White "Vazquez Espino, Uriel"]
[Black "Leenhouts, Koen"]
[Result "0-1"]
[WhiteElo "1977"]
[BlackElo "2414"]
[PlyCount "80"]
[EventDate "2021.07.06"]
[EventType "swiss (blitz)"]
[EventRounds "11"]
[EventCountry "USA"]
[SourceTitle "EXT 2022"]
[Source "ChessBase"]
[SourceDate "2021.10.06"]
[SourceVersion "1"]
[SourceVersionDate "2021.10.06"]
[SourceQuality "1"]

1. e4 c5 2. Nf3 e6 3. d4 cxd4 4. Nxd4 a6 5. g3 Nf6 6. Bg2 Qc7 7. 0-0 Bc5 8. Nc3 0-0 9. Bg5 Nc6 10. Nxc6 dxc6 11. Bxf6 gxf6 12. Qg4+ Kh8 13. Kh1 b5 14. f4 Be7 15. Rae1 c5 16. e5 f5 17. Qh5 Bb7 18. Rf2 c4 19. g4 Bc5 20. Rfe2 Rg8 21. g5 b4 22. Nd1 Rad8 23. Qh3 Rd4 24. Qg3 Rgd8 25. Nf2 Rd2 26. Bxb7 Qxb7+ 27. Qg2 Qb6 28. Nh3 Rxe2 29. Qxe2 c3 30. b3 Qc6+ 31. Qg2 Qxg2+ 32. Kxg2 Rd2+ 33. Kf3 Rxc2 34. g6 hxg6 35. Ng5 Kg7 36. h4 Rf2+ 37. Kg3 Rxa2 38. Rd1 c2 39. Rd7 c1Q 40. Rxf7+ Kg8 0-1

[Event "Titled Tuesday intern op 06th July"]
[Site "Chess.com INT"]
[Date "2021.07.06"]
[Round "6"]
[White "Vazquez Espino, Uriel"]
[Black "Makhmudov, Shukhrat"]
[Result "1-0"]
[WhiteElo "1977"]
[BlackElo "2115"]
[PlyCount "61"]
[EventDate "2021.07.06"]
[EventType "swiss (blitz)"]
[EventRounds "11"]
[EventCountry "USA"]
[SourceTitle "EXT 2022"]
[Source "ChessBase"]
[SourceDate "2021.10.06"]
[SourceVersion "1"]
[SourceVersionDate "2021.10.06"]
[SourceQuality "1"]

1. e4 e5 2. Nf3 Nc6 3. Bb5 a6 4. Ba4 Nf6 5. 0-0 Be7 6. Re1 b5 7. Bb3 0-0 8. c3 d5 9. exd5 Nxd5 10. d4 exd4 11. cxd4 Be6 12. Nc3 Bf6 13. Ne4 Be7 14. Neg5 Bf5 15. Ne5 Nxe5 16. Rxe5 Be6 17. Nxe6 fxe6 18. Rxe6 Bf6 19. Qf3 c6 20. Rxc6 Kh8 21. Qxd5 Qe8 22. Be3 Rd8 23. Rd6 Rxd6 24. Qxd6 Be7 25. Qe6 Rf6 26. Qe5 Qd8 27. Bg5 Bd6 28. Bxf6 gxf6 29. Qe6 Qf8 30. Qf7 Qh6 31. Qg8# 1-0